01324nam a2200241 a 450000100100000000500170001000800410002704000250006808200280009310000230012124503180014426001060046230000440056850000380061260000490065065000200069965000390071965000460075865000680080465000900087271000330096283000870099500002660720250131205118.0110324s1955 dr a 000 0 spa d aDO-SdBNPbspacBNPHU a551.7877293bR173p,19551 aRamírez, Ricardo10aPaleontología dominicana :bdescripcíon de las formaciones geológicas Baitoa, Cercado, Gurabo y arcilla Mao, y lista de los moluscos y corales fósiles procedentes de ellas que integran la colección preparada para ser exhibida en la Feria de la Paz y Confraternidad del Mundo Llibre /cRicardo Ramírez. aCiudad Trujillo, República Dominicana :bUniversidad de Santo Domingo ;bEditora del Caribe,c1955. a26,[16] p. :bil., Láminas. ;c25 cm. aAño del benefactor de la patria14aRAMÍREZ, RICARDOd[1884-?]cPALEONTÓLOGO aPaleontología 4aGeologíazRepública Dominicana 4aMolusco fósileszRepública Dominicana 4aHistoria naturazValle Del Cibao (República Dominicana{Rpara} aEspecimenes biológicosxColecciones y conservaciónxInvestigación científicas2 aUniversidad de Santo Domingo10aPublicaciones de la Universidad de Santo DomingopGeología y geofrafían103n2